[Event "GER-chT Federal Cup (Women)"]
[Site "Braunfels"]
[Date "2013.05.31"]
[Round "2.4"]
[White "Vidonyak, Nellya"]
[Black "Klinge, Sabina"]
[Result "1-0"]
[WhiteElo "2124"]
[BlackElo "1595"]
[PlyCount "67"]
[EventDate "2013.05.30"]
[EventType "team-swiss"]
[EventRounds "5"]
[EventCountry "GER"]
[SourceTitle "EXT 2014"]
[Source "ChessBase"]
[SourceDate "2013.11.20"]
[SourceVersion "1"]
[SourceVersionDate "2013.11.20"]
[SourceQuality "1"]
[WhiteTeam "Bayern (W)"]
[BlackTeam "Mecklenburg Vorpommern (W)"]
[WhiteTeamCountry "GER"]
[BlackTeamCountry "GER"]

1. b3 c5 2. Bb2 Nc6 3. c4 e6 4. Nf3 Nf6 5. g3 Be7 6. Bg2 0-0 7. 0-0 Qc7 8. Nc3 a6 9. Rc1 Rb8 10. d4 cxd4 11. Nxd4 Rd8 12. e4 b6 13. Nd5 Qa7 14. Nxe7+ Nxe7 15. e5 Ne8 16. Ba3 d6 17. Nf3 Qc7 18. Qe2 Ng6 19. exd6 Nxd6 20. c5 Nb5 21. cxb6 Qxb6 22. Bc5 Qa5 23. b4 Qa3 24. Ng5 h6 25. Rcd1 Bd7 26. Nxf7 Kxf7 27. Rd3 Qa4 28. Qh5 Be8 29. Be4 Kg8 30. Rxd8 Rxd8 31. Bxg6 Bxg6 32. Qxg6 Qxa2 33. Be7 Rc8 34. Bf6 1-0

[Event "GER-chT Lands U20"]
[Site "Hannover"]
[Date "2012.10.01"]
[Round "4.6"]
[White "Rosmait, Emily"]
[Black "Klinge, Sabina"]
[Result "1-0"]
[WhiteElo "1629"]
[BlackElo "1447"]
[PlyCount "65"]
[EventDate "2012.09.29"]
[EventType "team-swiss"]
[EventRounds "7"]
[EventCountry "GER"]
[SourceTitle "CBM 150 Extra"]
[Source "ChessBase"]
[SourceDate "2012.10.19"]
[SourceVersion "1"]
[SourceVersionDate "2012.10.19"]
[SourceQuality "1"]
[WhiteTeam "Schleswig Holstein"]
[BlackTeam "Mecklenburg Vorpommern"]
[WhiteTeamCountry "GER"]
[BlackTeamCountry "GER"]

1. e4 c5 2. Nc3 g6 3. g3 Bg7 4. Bg2 Nc6 5. Nge2 d6 6. 0-0 e6 7. d3 Rb8 8. Be3 Nge7 9. Qd2 0-0 10. f4 b6 11. h3 Qc7 12. g4 f5 13. Ng3 a6 14. Rae1 Bd7 15. g5 b5 16. h4 b4 17. Nd1 Qa5 18. h5 Qxa2 19. b3 Nd4 20. Bxd4 Bxd4+ 21. Kh2 e5 22. exf5 Nxf5 23. Bd5+ Kh8 24. Nxf5 Bxf5 25. hxg6 hxg6 26. Rh1 Kg7 27. Kg3 Qa5 28. Qe2 Rh8 29. Ne3 Qd8 30. Nxf5+ gxf5 31. Rxh8 Kxh8 32. Rh1+ Kg7 33. Qh5 1-0

[Event "GER-chT Lands U20"]
[Site "Hannover"]
[Date "2012.09.30"]
[Round "3.6"]
[White "Klinge, Sabina"]
[Black "Schneider, Sabrina"]
[Result "1-0"]
[WhiteElo "1447"]
[BlackElo "1548"]
[PlyCount "79"]
[EventDate "2012.09.29"]
[EventType "team-swiss"]
[EventRounds "7"]
[EventCountry "GER"]
[SourceTitle "CBM 150 Extra"]
[Source "ChessBase"]
[SourceDate "2012.10.19"]
[SourceVersion "1"]
[SourceVersionDate "2012.10.19"]
[SourceQuality "1"]
[WhiteTeam "Mecklenburg Vorpommern"]
[BlackTeam "Hessen II"]
[WhiteTeamCountry "GER"]
[BlackTeamCountry "GER"]

1. e4 e5 2. Nf3 Nc6 3. d4 exd4 4. Nxd4 Nf6 5. Nxc6 bxc6 6. e5 Qe7 7. Qe2 Nd5 8. c4 Nb6 9. b3 g6 10. Bb2 Bg7 11. g3 d6 12. Bg2 Bb7 13. 0-0 0-0 14. Nd2 Nd7 15. Nf3 Rfe8 16. Rfe1 Rad8 17. Qc2 Qf8 18. Rad1 Nxe5 19. Nxe5 Bxe5 20. Bxe5 Rxe5 21. Qc3 Rde8 22. h3 Qg7 23. Qd2 Rxe1+ 24. Rxe1 Rxe1+ 25. Qxe1 Qe5 26. Qb4 Bc8 27. Qb8 Qe8 28. Qxc7 d5 29. cxd5 cxd5 30. Qxa7 Qd8 31. Qd4 Be6 32. b4 Qa8 33. Qb2 Qa4 34. Qb3 Qxb3 35. axb3 d4 36. b5 d3 37. b6 d2 38. Bf3 Bxb3 39. b7 d1Q+ 40. Bxd1 1-0

[Event "Rostock SSC 07 op 11th"]
[Site "Rostock"]
[Date "2012.08.01"]
[Round "2"]
[White "Rozhanskyy, Oleksiy"]
[Black "Klinge, Sabina"]
[Result "1/2-1/2"]
[WhiteElo "1112"]
[BlackElo "1661"]
[PlyCount "65"]
[EventDate "2012.08.01"]
[EventType "swiss"]
[EventRounds "7"]
[EventCountry "GER"]
[SourceTitle "EXT 2017"]
[Source "ChessBase"]
[SourceDate "2016.10.25"]
[SourceVersion "1"]
[SourceVersionDate "2016.10.25"]
[SourceQuality "1"]

1. e4 c5 2. Nf3 Nc6 3. d4 cxd4 4. Nxd4 g6 5. Be2 Bg7 6. Nxc6 bxc6 7. Nc3 d6 8. 0-0 Nf6 9. Bf4 Nd7 10. Re1 0-0 11. Bc4 Ne5 12. Bb3 Bd7 13. Bxe5 Bxe5 14. Qf3 Qc7 15. Rad1 Qc8 16. h3 Be6 17. Na4 Rb8 18. c4 Qa6 19. c5 Bxb3 20. axb3 Qb5 21. cxd6 exd6 22. Rd3 Qb4 23. Red1 Rfd8 24. Qe3 a5 25. f4 Bf6 26. e5 dxe5 27. Rxd8+ Rxd8 28. Rxd8+ Bxd8 29. fxe5 Be7 30. Kh1 c5 31. Qc3 Qd4 32. Nb6 Bd8 33. Na4 1/2-1/2

[Event "GER-ch U25 op-A"]
[Site "Oberhof"]
[Date "2012.05.31"]
[Round "7"]
[White "Myagkov, Kirill"]
[Black "Klinge, Sabina"]
[Result "1-0"]
[WhiteElo "1769"]
[BlackElo "1447"]
[PlyCount "45"]
[EventDate "2012.05.27"]
[EventType "swiss"]
[EventRounds "9"]
[EventCountry "GER"]
[SourceTitle "CBM 148 Extra"]
[Source "ChessBase"]
[SourceDate "2012.06.22"]
[SourceVersion "1"]
[SourceVersionDate "2012.06.22"]
[SourceQuality "1"]

1. e4 c5 2. Nc3 Nc6 3. g3 g6 4. Bg2 Bg7 5. d3 d6 6. Be3 Bd7 7. Qd2 e6 8. Nf3 Qc7 9. h4 a6 10. h5 Nge7 11. Bh6 Bxh6 12. Qxh6 0-0-0 13. Ng5 Rdf8 14. hxg6 fxg6 15. f4 Nd4 16. 0-0-0 Kb8 17. Qg7 Nec6 18. Rxh7 Rxh7 19. Qxf8+ Ka7 20. Nxh7 Bc8 21. Nf6 Nb4 22. Rd2 Bd7 23. Qe7 1-0

[Event "GER-ch U25 op-A"]
[Site "Oberhof"]
[Date "2012.05.29"]
[Round "4"]
[White "Klinge, Sabina"]
[Black "Mann, Jonas"]
[Result "1-0"]
[WhiteElo "1447"]
[BlackElo "1541"]
[PlyCount "73"]
[EventDate "2012.05.27"]
[EventType "swiss"]
[EventRounds "9"]
[EventCountry "GER"]
[SourceTitle "CBM 148 Extra"]
[Source "ChessBase"]
[SourceDate "2012.06.22"]
[SourceVersion "1"]
[SourceVersionDate "2012.06.22"]
[SourceQuality "1"]

1. e4 c5 2. Nf3 d6 3. d4 cxd4 4. Nxd4 Nf6 5. Nc3 a6 6. Be3 e5 7. Nf3 Be7 8. Bc4 0-0 9. h3 Qc7 10. Bb3 Nbd7 11. 0-0 Nc5 12. Nd5 Nxd5 13. Bxd5 Rb8 14. c4 b5 15. b4 Ne6 16. Rc1 Qd7 17. cxb5 Bb7 18. bxa6 Bxa6 19. Bc4 Bb7 20. Nxe5 Qd8 21. Nxf7 Kxf7 22. Qf3+ Bf6 23. Qf5 Bc8 24. e5 dxe5 25. Rfd1 g6 26. Qf3 Qe8 27. Bc5 Bb7 28. Qb3 Rg8 29. Rd6 Bc8 30. Bxe6+ Bxe6 31. Qf3 Rd8 32. a4 Rxd6 33. Bxd6 Qa8 34. Rc7+ Bd7 35. Qb3+ Kg7 36. Rxd7+ Kh6 37. Bc5 1-0

[Event "Mecklenburg VP-ch U14"]
[Site "Malchow"]
[Date "2011.02.14"]
[Round "3.8"]
[White "Klinge, Sabina"]
[Black "Sbach, Lennart"]
[Result "1-0"]
[WhiteElo "990"]
[BlackElo "1073"]
[PlyCount "61"]
[EventDate "2011.02.14"]
[EventType "swiss"]
[EventRounds "7"]
[EventCountry "GER"]
[SourceTitle "EXT 2022"]
[Source "ChessBase"]
[SourceDate "2021.10.06"]
[SourceVersion "1"]
[SourceVersionDate "2021.10.06"]
[SourceQuality "1"]

1. e4 e6 2. d4 d5 3. e5 c5 4. c3 Nc6 5. Nf3 Qb6 6. Be2 Nge7 7. 0-0 Nf5 8. Be3 Nxe3 9. fxe3 Qxb2 10. Nbd2 Qxc3 11. Nb3 Qxe3+ 12. Kh1 cxd4 13. Nbxd4 Nxd4 14. Nxd4 Qxe5 15. Bb5+ Bd7 16. Bxd7+ Kxd7 17. Rxf7+ Ke8 18. Rxb7 Bd6 19. Qa4+ Kf8 20. Rf1+ Kg8 21. Nf3 h6 22. Nxe5 Bxe5 23. Qd7 Kh7 24. Qxe6 Rhe8 25. Qf5+ Kg8 26. Re1 d4 27. Rxe5 Rxe5 28. Qxe5 d3 29. Qe6+ Kh7 30. Qf5+ Kg8 31. Rb8+ 1-0